000 00601cam a2200205 04500
001 45489
090 _a45489
100 _a19911126d1942 m a0pory5003 ba
101 0 _apor
102 _aPT
200 1 _aAntero de Quental
_fpor Manuel Mendes
210 9 _aLisboa
_cEdições Cosmos,
_d1942
215 _a133 p.
_d19 cm
225 2 _aBiblioteca Cosmos.
_iBiografias
_h5.ª secção
_v17
600 1 _aQuental,
_bAntero de,
_f1842-1891
675 _a929Quental, Antero de
_vBN
_zpor
675 _a821.134.3Quental, Antero de.09
_vBN
_zpor
700 1 _aMendes,
_bManuel,
_f1906-1969
801 0 _aPT
_bBN
_gRPC
990 _cLIVROS